000 00311nam a22001337a 4500
008 170720b xxu||||| |||| 00| 0 eng d
020 _a3890281567
041 _aeng
080 _a004
100 _a28
101 _aSHKI
245 _aMODULARES PROGRAMMIEREN MIL TURBO PASCAL 5.O
_cSOMMER, M
942 _2udc
_cBK
999 _c21674
_d21674